• 首页
  • 本馆介绍
  • 公告通知
  • 最新文献
  • 馆藏检索
  • 电子资源
  • 读者导购
  • 参考咨询
  • 我的图书馆
  • 登录
  • 详细信息显示
  • 放入我的书架
  • 预约/预借图书
  • 作者相关作品
  • 分类相关作品
  • 丛书相关作品
  • 出版社相关作品

书目信息

  • 表格格式
  • 工作单格式
  • 卡片格式
题名:
草原非生物灾害监测评估研究
    
 
作者: 刘桂香 著
分册:  
出版信息: 北京   中国农业科学技术出版社  2015
页数: 480页
开本: 26cm
丛书名:
单 册:
中图分类: S812.6
科图分类:
主题词: 草原--灾害--应急对策--研究
电子资源:
ISBN: 978-7-5116-1975-4
000 01005nam0 2200265 450
001 008464564
005 20161101144438.0
010    @a978-7-5116-1975-4@b精装@dCNY180.00
090    @aS812@blgx
096    @aS812@blgx
100    @a20160719d2015 em y0chiy0120 ea
101 0  @achi
102    @aCN@b110000
105    @aab z 000yy
106    @ar
200 1  @a草原非生物灾害监测评估研究@9cao yuan fei sheng wu zai hai jian ce ping gu yan jiu@b专著@f刘桂香[等]著
210    @a北京@c中国农业科学技术出版社@d2015
215    @a480页@c彩图,地图@d26cm
304    @a著者还有:卓义、都瓦拉、萨楚拉
330    @a本书内容由三部分构成,草原旱灾篇利用遥感、GIS技术手段,通过研究干旱对草原植被的影响、草原干旱灾害监测预警、草原干旱灾害评估以及草原干旱灾害风险评价与区划四个方面,实现了对草原地区干旱的监测与评估。
606 0  @a草原@x灾害@x应急对策@x研究
690    @aS812.6@v5
701  0 @a刘桂香@9liu gui xiang@c(女,@f1962.8~)@4著
801  0 @aCN@bBJXHZP@c20230228
905    @b1385620-2@dS812.6@e227@f3
    
    草原非生物灾害监测评估研究/刘桂香[等]著.-北京:中国农业科学技术出版社,2015
    480页:彩图,地图;26cm
    
    
    ISBN 978-7-5116-1975-4(精装):CNY180.00
    本书内容由三部分构成,草原旱灾篇利用遥感、GIS技术手段,通过研究干旱对草原植被的影响、草原干旱灾害监测预警、草原干旱灾害评估以及草原干旱灾害风险评价与区划四个方面,实现了对草原地区干旱的监测与评估。
●
相关链接 在E读中查询图书 在五车中查询图书 在当当中查询图书 在豆瓣中查询图书


正题名:草原非生物灾害监测评估研究     索取号:S812.6/227         预约/预借

序号 登录号 条形码 馆藏地/架位号 状态 备注
1 1385620   213856200   第二样本阅览室/ [索取号:S812.6/227] 在馆    
2 1385621   213856219   第三借阅区/ [索取号:S812.6/227] 在馆    
3 1385622   213856228   第三借阅区/ [索取号:S812.6/227] 在馆    
唐山师范学院图书馆 欢迎您!
大连网信软件有限公司© 版权所有